LIBRARY & INFORMATION CENTRE, KCAET, TAVANUR

ONLINE PUBLIC ACCESS CATALOGUE (OPAC)

Vazhithirivukal (Record no. 15376)

MARC details
000 -LEADER
fixed length control field 00321nam a22001337a 4500
020 ## - INTERNATIONAL STANDARD BOOK NUMBER
ISBN 9788126439171
082 ## - DEWEY DECIMAL CLASSIFICATION NUMBER
Classification number 920.894 812
Item number ABD/VA
100 ## - MAIN ENTRY--AUTHOR NAME
Personal name Abdul Kalam, A.P. J
245 ## - TITLE STATEMENT
Title Vazhithirivukal
260 ## - PUBLICATION, DISTRIBUTION, ETC. (IMPRINT)
Place of publication Kottayam
Name of publisher D.C Books
Year of publication 2018
300 ## - PHYSICAL DESCRIPTION
Number of Pages 158
650 ## - SUBJECT ADDED ENTRY--TOPICAL TERM
Topical Term Malayalam Autobiogaphy
942 ## - ADDED ENTRY ELEMENTS (KOHA)
Koha item type Books
Holdings
Withdrawn status Lost status Damaged status Home library Current library Shelving location Date acquired Cost, normal purchase price Full call number Accession Number Koha item type
      KAUAET KAUAET Fiction 13/04/2018 170.00 920.894 812 ABD/VA 25645 Books
free website counter